Seinfeld A-Z (Part 3) - Statistics

General Stats
  • This quiz has been taken 142 times
  • The average score is 15 of 26
Answer Stats
Letter Clue Answer % Correct
A A person who is pejudiced against dentists Anti-dentite
93%
B George gets in a fight with him over a game of Trivial Pursuit Bubble boy
90%
S He runs his soup restaraunt with an iron fist Soup Nazi
89%
R Someone who uses a present meant for them as a gift for another person Re-gifter
84%
N Elaine's nickname around her office after accidentally sending out a revealing Christmas card Nip
82%
Y Sports team that George works for Yankees
82%
F Arcade game that George has a high score in Frogger
80%
T Candy bar George is desperately trying to get while at the car dealership Twix
78%
Q Master of your domain, King of the county, Lord of the manor, and _____ of the castle Queen
76%
W Dentist and Jewish convert Tim _______ Whatley
73%
M Who invaded Spain in the 8th century? Moops
66%
D You have got to loooove the _____ Drake
61%
L George converts to this religion in order to keep a woman Latvian Orthodox
60%
J Elaine's favorite candy; it ruins her relationship with Jake Jarmel Jujyfruit
58%
G Magazine George gets caught looking at in "The Contest" Glamour
54%
C The maître d' at the Chinese restaurant calls out this name instead of "Costanza" Cartwright
51%
O Jerry and George unwittingly pose as this neo nazi in order to use his limo O'Brien
50%
K George's incompetent boss: "That sounds like one of those old timey car horns huh?" Kruger
44%
P He's a wealthy industrialist, philanthropist, and uh, bicyclist: H.E. ___________ Pennypacker
43%
E This is an awful name for a clown, and he doesn't even know who Bozo is! Eric
37%
V The man sitting next to Elaine on her flight from Europe: "This guy? He's an idiot. He doesn't mean anything to me." Vegetable lasagna
37%
X Implement George uses to make his pudding skin singles: _____ Knife X-acto
35%
H Kramer's code word for George to turn on the faucet Hoochiemama
28%
Z Elaine likens Puddy in his winter coat to this planet of the apes character: Dr. ____ Zauis
26%
U After getting caught peeing in the corner of the parking garage, Jerry makes the excuse that he could have gotten this disease and died Uromysitisis
18%
I If Kramer had a kid, he would name him this Isosceles
17%
No matching quizzes found
Score Distribution
Percent of People with Each Score
Percentile by Number Answered
Your Score History
You have not taken this quiz